| 000 | 00834cam a22002294a 4500 | ||
|---|---|---|---|
| 020 | _a0767402456 (acidfree paper) | ||
| 040 | _cDLC | ||
| 082 | 0 | 0 | _a936 MAY 2000 A099 Or. |
| 100 | 1 | _aDibble, Harold Lewis. | |
| 245 | 1 | 0 |
_aVirtual dig : _ba simulated archaeological excavation of a middle Paleolithic site in France / |
| 260 |
_aMountain View, Calif. : _bMayfield Pub. Co., _cc2000. |
||
| 300 |
_aix, 148 p. : _bill. ; _c28 cm. + _e1 computer optical disc (4 3/4 in.) |
||
| 650 | 0 | _aMousterian culture | |
| 650 | 0 | _aExcavations (Archaeology) | |
| 650 | 0 | _aArchaeological surveying | |
| 650 | 0 | _aArchaeology | |
| 700 | 1 | _aMcPherron, Shannon P. | |
| 700 | 1 | _aRoth, Barbara J., | |
| 856 | 4 | 2 | _uhttp://www.loc.gov/catdir/description/mh024/99017296.html |
| 856 | 4 | 1 | _uhttp://www.loc.gov/catdir/toc/mh023/99017296.html |
| 942 | _cEK | ||
| 999 |
_c12693 _d12693 |
||